书目信息 |
| 题名: |
最新暖通空调设计CAD图集
|
|
| 作者: | ;筑龙网 编著 | |
| 分册: | 1 办公建筑·锅炉房 | |
| 出版信息: | 北京 中国电力出版社 2006.09 |
|
| 页数: | 232页 | |
| 开本: | 26×32cm | |
| 丛书名: | 筑龙网图库系列 | |
| 单 册: | ||
| 中图分类: | TU83-64 | |
| 科图分类: | ||
| 主题词: | 房屋建筑设备--fang wu jian zhu she bei--通风设备--建筑设计--图集 , 房屋建筑设备--fang wu jian zhu she bei--空气调节设备--建筑设计--图集 , 房屋建筑设备--fang wu jian zhu she bei--采暖设备--建筑设计--图集 | |
| 电子资源: | ||
| ISBN: | 7-5083-4704-8 | |
| 000 | 01299nam 2200301 450 | |
| 001 | 012007850450 | |
| 005 | 20070924164417.95 | |
| 010 | @a7-5083-4704-8@dCNY88.00 (含光盘) | |
| 100 | @a20070811d2006 km y0chiy0120 ea | |
| 101 | 0 | @achi |
| 102 | @aCN@b110000 | |
| 105 | @aa z 000yy | |
| 200 | 1 | @a最新暖通空调设计CAD图集@Azui xin nuan tong kong diao she ji CAD tu ji@h1@i办公建筑·锅炉房@f筑龙网编著@Fzhu long wang bian zhu |
| 210 | @a北京@c中国电力出版社@d2006.09 | |
| 215 | @a232页@c图@d26×32cm@e光盘1片 | |
| 225 | 2 | @a筑龙网图库系列@Azhu long wang tu ku xi lie |
| 307 | @a光盘 ISBN : 7-900201-43-2 | |
| 330 | @a本册按办公建筑、锅炉房两个门类划分,包括9套暖通空调施工平面图。内容丰富, 实用性强, 对空调系统, 洁净空调, 供热与采暖等设计都有涉及。 | |
| 410 | 0 | @12001 @a筑龙网图库系列 |
| 517 | 1 | @a暖通空调设计CAD图集@Anuan tong kong diao she ji CAD tu ji |
| 517 | 1 | @a办公建筑·锅炉房@Aban gong jian zhu·guo lu fang |
| 606 | 0 | @a房屋建筑设备@Afang wu jian zhu she bei@x通风设备@x建筑设计@j图集 |
| 606 | 0 | @a房屋建筑设备@Afang wu jian zhu she bei@x空气调节设备@x建筑设计@j图集 |
| 606 | 0 | @a房屋建筑设备@Afang wu jian zhu she bei@x采暖设备@x建筑设计@j图集 |
| 690 | @aTU83-64@v4 | |
| 711 | 02 | @a筑龙网@Azhu long wang@4编著 |
| 801 | 0 | @aCN@c20070924 |
| 905 | @dTU83-64@eZ920:1 | |
| 最新暖通空调设计CAD图集.1.办公建筑·锅炉房/筑龙网编著.-北京:中国电力出版社,2006.09 |
| 232页:图;26×32cm+光盘1片.-(筑龙网图库系列) |
| ISBN 7-5083-4704-8:CNY88.00 (含光盘) |
| 本册按办公建筑、锅炉房两个门类划分,包括9套暖通空调施工平面图。内容丰富, 实用性强, 对空调系统, 洁净空调, 供热与采暖等设计都有涉及。 |
| ● |
| 相关链接 |
|
|
|
正题名:最新暖通空调设计CAD图集
索取号:TU83-64/Z920:1
 
预约/预借
| 序号 | 登录号 | 条形码 | 馆藏地/架位号 | 状态 | 备注 |
| 1 | 258062 | 202580625 | 建筑库201/ [索取号:TU83-64/Z920:1] | 在馆 | |
| 2 | 258063 | 202580634 | 建筑库201/201建筑库 103排3列1层/ [索取号:TU83-64/Z920:1] | 在馆 | |
| 3 | 258064 | 202580643 | 建筑库201/ [索取号:TU83-64/Z920:1] | 在馆 |